000 00626nam a2200217 a 4500
001 1674377
005 20240214061622.0
008 971104s1997 enk b 001 0 eng d
020 _a1857287495 (HB)
020 _a1857287509 (pbk.)
040 _aUkNcU
_cUkNcU
_dDGU
_dDLC
082 0 0 _a320.
_221
_bPAU.
100 1 _aHirst, Paul Q.
245 1 0 _aFrom statism to pluralism :
_bdemocracy, civil society, and global politics /
_cPaul Hirst.
260 _aLondon ;
_aBristol, Penn. :
_bUCL Press,
_c1997.
300 _avii, 260 p. ;
650 0 _aDemocracy.
650 0 _aCivil society.
650 0 _aPost-communism.
942 _cL
999 _c393
_d393